000 006390000a22001930004500
001 768714001
003 CO-MdFUSB
005 20170614111930.0
008 170614b2009 cr ||||| |||| 00| 0 s d
040 _aCO-MdFUSB
_bspa
_cCO-MdFUSB
_dCO-MdFUSB
041 _aspa
100 1 _aRamirez, Alonso.
_eautor
245 1 0 _aInterpretación de Juan Calvino acerca del antiguo testamento.
300 _aVolumen 11. Número 2 (2009), Páginas 27-54
_c21 cm.
546 _aTexto en español
650 1 4 _aMISIONOLOGIA
773 0 _tRevista Reforma Siglo 21
_049443
_960191
_gVolumen 11. Número 2 (2009), Páginas 27-54
_q Página 27
942 _cANA
999 _c63356
_d63356